000
00295nam a22001337a 4500
008
170426b xxu||||| |||| 00| 0 eng d
020
_a
0721671193
041
_a
eng
080
_a
54
100
_a
12
101
_a
SHM
245
_a
INTRODUCTION TO SPECTROSCOPY
_c
PAVIA.D.L
942
_2
udc
_c
BK
999
_c
12082
_d
12082